00807nam a2200205 a 4500001001000000005001700010008004100027041000800068044000700076050002200083245006300105260007800168300003700246500014500283500001100428504002900439600006600468700003300534700003400567BRCA_487120190320204834.0810904s1944 sp-ch####c---#000-0#spa-# aspa asp 4aPQ6343b.C38 194410aCatálogo de la exposición de iconografía cervantina. aBarcelonabDiputación Provincial de Barcelona, Biblioteca Centralc1944 a127 p.bil. 13 láminasc24 cm. aPrecedido de un estudio acerca de los retratos de Cervantes por Juan Givanel y un apéndice sobre las medallas cervantinas por Felipe Mateu a60-190 aBibliografía: p. [5]-614aCervantes Saavedra, Miguel ded1547-1616vTrabajos Ilustrados1 aGivanel Mas, Juand1868-19461 aMateu y Llopis, Feliped1901-